| 000 | 00408nam a2200145Ia 4500 | ||
|---|---|---|---|
| 008 | 240624s9999 xx 000 0 und d | ||
| 041 | _aeng | ||
| 082 | _a658.408 SOU | ||
| 100 | _aSOUNDARAPANDIAN M | ||
| 245 | _aCORPORATE SOCIAL RESPONSIBILITY AND SUSTAINABL | ||
| 260 |
_c2014 _aNew Delhi _bConcept Publishing Company Pvt. Ltd. |
||
| 300 | _axiii, : 294 : p. : cm. ; 22 | ||
| 365 |
_cRS _b25 |
||
| 440 | _v1 | ||
| 999 |
_c23821 _d23821 |
||